| 000 | 01116nam a2200265Ia 4500 | ||
|---|---|---|---|
| 003 | OSt | ||
| 005 | 20220923211551.0 | ||
| 006 | a|||||r|||| 00| 0 | ||
| 007 | ta | ||
| 008 | 220922b |||||||| |||| 00| 0 hin d | ||
| 020 |
_a9789384984175 (hbk) _c800 |
||
| 024 | _a353,934 | ||
| 037 |
_bG-943/21-22, 28/12/2021, hinohar Publisher & Distributors _cTextual |
||
| 040 |
_aARTS _cARTS _bhin |
||
| 041 |
_2hin _ahin |
||
| 082 | _aV2:51xM61, 152R0 | ||
| 100 |
_aश्रीवास्तव, कमल स्वरूप, ले. _9160795 |
||
| 245 | 0 | _aपं मदन मोहन मालवीय और हिन्दू महासभा | |
| 246 | _aPan madan mohan mālavīya aur hindū hināsabhā | ||
| 260 |
_aनई दिल्ली _b होमेज पब्लिकेशन _c2020 |
||
| 300 |
_a152पृ. _ccm. |
||
| 650 |
_aभारत-इतिहास _9156353 |
||
| 942 |
_hV2:51xM61, 152R0 _cTEXL _2CC |
||
| 999 |
_c300833 _d300833 |
||